000
00289nam a2200121Ia 4500
008
190216s9999||||xx |||||||||||||| ||und||
100
_a
Vasudevan Nair M T
245
0
_a
Nirmmalyam
260
_b
University Of Calicut
_c
1997
300
_a
132p
650
_a
Malayalam Nadakam
942
_c
BK
999
_c
27638
_d
27638